Tool and manufacturing engineers handbook : (Record no. 61006)

000 -LEADER
fixed length control field 01541pam a2200325 i 4500
001 - CONTROL NUMBER
control field 4596841
003 - CONTROL NUMBER IDENTIFIER
control field NUST-PNEC
005 - DATE AND TIME OF LATEST TRANSACTION
control field 20170116180712.0
008 - FIXED-LENGTH DATA ELEMENTS--GENERAL INFORMATION
fixed length control field 760223s1976 nyua b 001 0 eng
010 ## - LIBRARY OF CONGRESS CONTROL NUMBER
LC control number 76004892
020 ## - INTERNATIONAL STANDARD BOOK NUMBER
International Standard Book Number 0070595585
040 ## - CATALOGING SOURCE
Transcribing agency PNEC
050 00 - LIBRARY OF CONGRESS CALL NUMBER
Classification number TS176
Item number .A43 1976
082 00 - DEWEY DECIMAL CLASSIFICATION NUMBER
Classification number 670.202 DAL
100 ## - MAIN ENTRY--PERSONAL NAME
9 (RLIN) 578
Personal name Dallas, Daniel B.
110 2# - MAIN ENTRY--CORPORATE NAME
Corporate name or jurisdiction name as entry element Society of Manufacturing Engineers.
245 10 - TITLE STATEMENT
Title Tool and manufacturing engineers handbook :
Remainder of title a reference work for manufacturing engineers /
Statement of responsibility, etc. rev. under the supervision of the SME Publications Committee with the assistance of the SME technical divisions ; Daniel B. Dallas, editor-in-chief.
250 ## - EDITION STATEMENT
Edition statement 3d ed.
260 ## - PUBLICATION, DISTRIBUTION, ETC.
Place of publication, distribution, etc. New York :
Name of publisher, distributor, etc. McGraw-Hill,
Date of publication, distribution, etc. c1976.
300 ## - PHYSICAL DESCRIPTION
Extent 2952 p. :
Other physical details ill. ;
Dimensions 24 cm.
500 ## - GENERAL NOTE
General note Includes Index http://www.amazon.com/Tool-Manufacturing-Engineers-Handbook-3ed/dp/0070595585/ref=sr_1_3?s=books&ie=UTF8&qid=1413274297&sr=1-3&keywords=tool+and+manufacturing+engineers+handbook
500 ## - GENERAL NOTE
General note First-2d ed. prepared by the Society under its earlier name, American Society of Tool and Manufacturing Engineers, and published under title: Tool engineers handbook.
504 ## - BIBLIOGRAPHY, ETC. NOTE
Bibliography, etc. note Includes bibliographical references and index.
650 #0 - SUBJECT ADDED ENTRY--TOPICAL TERM
Topical term or geographic name entry element Production engineering
General subdivision Handbooks, manuals, etc.
650 #0 - SUBJECT ADDED ENTRY--TOPICAL TERM
Topical term or geographic name entry element Metal-work
General subdivision ME
700 1# - ADDED ENTRY--PERSONAL NAME
Personal name Dallas, Daniel B.
710 2# - ADDED ENTRY--CORPORATE NAME
Corporate name or jurisdiction name as entry element American Society of Tool and Manufacturing Engineers.
Title of a work Tool engineers handbook.
906 ## - LOCAL DATA ELEMENT F, LDF (RLIN)
a 7
b cbc
c orignew
d 1
e ocip
f 19
g y-gencatlg
942 ## - ADDED ENTRY ELEMENTS (KOHA)
Source of classification or shelving scheme
Koha item type Book
Holdings
Withdrawn status Lost status Source of classification or shelving scheme Damaged status Not for loan Permanent Location Current Location Shelving location Date acquired Source of acquisition Cost, normal purchase price Total Checkouts Full call number Barcode Date last seen Cost, replacement price Price effective from Koha item type
          Pakistan Navy Engineering College (PNEC) Pakistan Navy Engineering College (PNEC) Reference 07/27/1985 Sasi Book Store 1712.83   670.202 DAL PNECLIB-006619 10/14/2014 1712.83 07/27/1985 Book
© 2023 Central Library, National University of Sciences and Technology. All Rights Reserved.